000 00445nam a2200157 i 4500
001 40920
003 ES-MaACL
005 20230906160335.0
007 t|
008 030307s1963 sp ||||1| cat d
100 1 _aCarolina, María Jesús.
_935420
245 1 4 _aEls mals endreços
_b: (diari d'una dona de les barraques).
260 _aBarcelona :
_b[Fontanella],
_c1963.
300 _a221 p. ;
_c19 cm.
852 _aES-MaACL
_jC-24936
_bR.53158
999 _c40920
_d40920